|
|
|
|
| LEADER |
01024nam a22002892a 4500 |
| 001 |
001217217 |
| 003 |
CZ BrMZK |
| 005 |
20120528151704.0 |
| 007 |
ta |
| 008 |
120528s1965 xr af er|||||||||||cze d |
| 015 |
|
|
|a cnb000483638
|
| 020 |
|
|
|q (brož.) :
|c Kčs 9,00
|
| 035 |
|
|
|a (OCoLC)42110433
|
| 040 |
|
|
|a ABA001
|b cze
|c CBA001
|d ABA001
|
| 080 |
9 |
|
|a 343.611.6:342.511(73) Kennedy, J. F. +92 Kennedy, J. F.
|
| 100 |
1 |
|
|a Pokorný, Dušan
|7 jk01100033
|4 aut
|
| 245 |
1 |
0 |
|a Ulice Jilmů 12.30 /
|c Dušan Pokorný
|
| 250 |
|
|
|a 2. vyd.
|
| 260 |
|
|
|a Praha :
|b Mladá fronta,
|c 1965
|
| 300 |
|
|
|a 193 s., [24] s. obr. příl. :
|b il. ;
|c 8°
|
| 500 |
|
|
|a 10000 výt.
|
| 504 |
|
|
|a Obsahuje bibliografické odkazy a rejstřík
|
| 856 |
4 |
1 |
|u http://www.digitalniknihovna.cz/mzk/uuid/uuid:6d420040-6647-11e3-ae59-005056827e52
|y Digitalizovaný dokument
|x NDK
|
| 910 |
|
|
|a BOA001
|b 1-0530.461-65
|
| 990 |
|
|
|a BK
|
| 991 |
|
|
|b 201205
|
| 996 |
6 |
|
|b 2619469205
|c 1-0530.461-65
|l MZK
|r Sklad / do 1 hodiny
|n 0
|w 001250949
|u 000010
|a 1
|e BOA001
|j MZK50
|s P
|